The noble scholar, jurist, historian


 His Excellency Dr. Abdul Wahhab bin Ibrahim Abu Sulaiman, may Allah have mercy on him.


 He was born in Umm Al-Qura in the year 1356 AH.

المكتشفات العلمية الحديثة في ضوء النصوص الشرعية الكونية (Record no. 14394)

MARC details
000 -LEADER
fixed length control field 01166caa a2200289 ib4500
003 - CONTROL NUMBER IDENTIFIER
control field SA-RiAUC
005 - DATE AND TIME OF LATEST TRANSACTION
control field 20260220120751.0
008 - FIXED-LENGTH DATA ELEMENTS--GENERAL INFORMATION
fixed length control field 260218s2007 su g b f000f0 ara c
040 ## - CATALOGING SOURCE
Original cataloging agency SA-JeALM
Language of cataloging ara
Transcribing agency SA-RiAUC
Description conventions rda
082 04 - DEWEY DECIMAL CLASSIFICATION NUMBER
Classification number 241
090 ## - LOCALLY ASSIGNED LC-TYPE CALL NUMBER (OCLC); LOCAL CALL NUMBER (RLIN)
Classification number (OCLC) (R) ; Classification number, CALL (RLIN) (NR) 241
Local cutter number (OCLC) ; Book number/undivided call number, CALL (RLIN) ي م ا
100 1# - MAIN ENTRY--PERSONAL NAME
Personal name يماني، نجيب عصام
Relator term مؤلف.
245 10 - TITLE STATEMENT
Title المكتشفات العلمية الحديثة في ضوء النصوص الشرعية الكونية
Statement of responsibility, etc. نجيب عصام يماني
264 ## - PRODUCTION, PUBLICATION, DISTRIBUTION, MANUFACTURE, AND COPYRIGHT NOTICE
Place of production, publication, distribution, manufacture [مكان النشر غير محدد] :
Name of producer, publisher, distributor, manufacturer [الناشر غير محدد]،
Date of production, publication, distribution, manufacture, or copyright notice ( 2013 )
300 ## - PHYSICAL DESCRIPTION
Extent 328 صفحة
Other physical details صور وايضاحات
Dimensions 24 سم.
336 ## - CONTENT TYPE
Content type term نص
Content type code txt
Source rdacontent
Materials specified كتاب
337 ## - MEDIA TYPE
Media type term بدون وسيط
Media type code n
Source rdamedia
650 #7 - SUBJECT ADDED ENTRY--TOPICAL TERM
Topical term or geographic name entry element الإلهيات (علم الكلام)
Source of heading or term aucsh
650 #7 - SUBJECT ADDED ENTRY--TOPICAL TERM
Topical term or geographic name entry element النبوات
Source of heading or term aucsh
650 #7 - SUBJECT ADDED ENTRY--TOPICAL TERM
Topical term or geographic name entry element العلوم متعددة التخصصات
Source of heading or term ISI
653 ## - INDEX TERM--UNCONTROLLED
Uncontrolled term النبوة
653 ## - INDEX TERM--UNCONTROLLED
Uncontrolled term الربوبية
653 ## - INDEX TERM--UNCONTROLLED
Uncontrolled term منهج الاستدلال بالقرآن
653 ## - INDEX TERM--UNCONTROLLED
Uncontrolled term منهج الاستدلال بالمكتشفات العلمية
942 ## - ADDED ENTRY ELEMENTS (KOHA)
Source of classification or shelving scheme Dewey Decimal Classification
Koha item type Books
Suppress in OPAC No
949 ## - LOCAL PROCESSING INFORMATION (OCLC)
a SA-JeALM
d 260218
u osman123
n 1
Holdings
Withdrawn status Lost status Source of classification or shelving scheme Damaged status Not for loan Home library Current library Date acquired Total checkouts Full call number Barcode Date last seen Price effective from Koha item type
    Dewey Decimal Classification     DR AbdElwahab Library DR AbdElwahab Library 02/20/2026   241 ي م ا 000022815 02/20/2026 02/20/2026 Books